| 000 | 00663nam a22002057a 4500 | ||
|---|---|---|---|
| 999 |
_c20365 _d20365 |
||
| 003 | AR-CdUCM | ||
| 008 | 190221b ||||| |||| 00| 0 spa d | ||
| 040 |
_aMUNICIPALIDAD PROVINCIAL DEL CUSCO _cBIBLIOTECA MUNICIPAL DEL CUSCO |
||
| 082 |
_a869.56 / _bR84 |
||
| 100 |
_aRosas Paravicino, Enrique _9417 |
||
| 245 | _aCiudad apocaliptica / | ||
| 260 |
_aLima : _bLibranco, _c1998. |
||
| 300 |
_a158 páginas ; _c26 cm. |
||
| 505 | _aContenido : Un varón acaudalado del sur -- Muchas lunas después del fuego -- Señor del buen oficio... | ||
| 650 |
_aLiteratura _983 |
||
| 650 |
_aNovela _95 |
||
| 650 |
_aNarrativa _967 |
||
| 942 |
_2ddc _cLIBROS |
||
| 945 | _arcc | ||